000 00419nam a2200181Ia 4500
001 13954
005 20260306164839.0
008 260306t2007||||xx |||||||||||||| ||spa||
041 _aESP
082 _a005.74
_bE43 2007
100 _aElmasri, Ramez
_eAUT
245 0 _aFundamentos de sistemas de bases de datos
260 _c2007
300 _a
_c
650 _aGEN
654 _aCCC
942 _cLIB
_dJUS
_fJUS
_2ddc
_n
999 _c13954
_d13954